Finish the Movie with a Movie Quiz Stats

 Plays Quiz Updated Apr 14, 2019

Score 0/20 Timer 04:00
2 Plays Today
Question Answer Wrong Answers
____ in the Air Up
93.2%
Wall-E
0.9%
Incredibles
0.5%
A Bug's Life
1.1%
American ____ Psycho
91.3%
Vertigo
1.9%
The Birds
1.2%
North by Northwest
1.4%
Riding in ____ with Boys Cars
90.4%
Planes, Trains and Automobiles
2%
Amelie
1.1%
Training Day
1.9%
The ____ Lebowski Big
90.3%
Fight Club
1.7%
Argo
1.6%
Cimarron
1.9%
The ____ Little Toaster Brave
85.1%
Into the Woods
4.4%
Mulan
2.1%
The River Wild
3.6%
A ____ with a View Room
83.4%
Blow
8%
Platoon
1.8%
Patton
1.8%
In the ___ of the Night Heat
79%
Apollo 13
2.4%
A Star is Born
3.7%
Goodfellas
9.9%
The ____ and the Darkness Ghost
78.8%
Halloween
4.3%
Friday the 13th
3.7%
Alien
7.6%
Morning ____ Glory
73.5%
Driving Miss Daisy
6.7%
Terms of Endearment
11.3%
Braveheart
3%
On ____ Majesty's Secret Service Her
72.3%
The Master
11.1%
Gladiator
4.4%
Walk the Line
7.1%
_____ on 34th Street Miracle
69.7%
Iron Will
15.9%
Blades of Glory
7.7%
Anchorman
1.8%
____ Samurai Seven
67.5%
The Blind Side
5.2%
The Last Emperor
17.3%
Troy
5.1%
Miami ____ Vice
67.3%
W.
18.4%
Nixon
7.6%
Lincoln
1.9%
Julie & ____ Julia
62.2%
Annie Hall
10.5%
Tootsie
10.7%
Mary Poppins
11.3%
The ____ in Winter Lion
60.3%
Jungle Book
8.9%
George of the Jungle
4%
The Piano
21.4%
____ Lucky Logan
55.3%
Marty
12.1%
Gigi
13.7%
Rebecca
11.9%
World War ___ Z
47.1%
Zombieland
16.5%
Hacksaw Ridge
12.7%
28 Days Later
18.1%
____ Murder Mystery Manhattan
46.9%
Philadelphia
17.4%
Chicago
19.7%
Oklahoma
9.4%
The Boys from ____ Brazil
45.7%
Carlito's Way
17.1%
Superbad
5.8%
JFK
24.9%
A Tree Grows in ____ Brooklyn
40.6%
Gangs of New York
13.4%
Skyfall
4.2%
Nebraska
36%

You're not logged in!

Compare scores with friends on all Sporcle quizzes.
OR
Log In

Sporcle TV

Today on Sporcle TV


Watch our educational content, quiz creation guides, and fun videos on Sporcle TV.

Show Comments

Extras

Top Quizzes Today


Score Distribution

Your Account Isn't Verified!

In order to create a playlist on Sporcle, you need to verify the email address you used during registration. Go to your Sporcle Settings to finish the process.

Report this User

Report this user for behavior that violates our Community Guidelines.

Details: